Sarawak awakens : Taib Mahmud's politics of development

Bibliographic Details
Main Author: JITAB
Other Authors: Ritchie
Format: Book
Published: Petaling Jaya : Pelanduk Pub. , 1991
Subjects:

MARC

LEADER 00000cam a2200000 7i4500
001 0000000192
005 20000719.0
020 0 0 |a 9679783928 
090 0 0 |a 338.959522   |b JIT 1991 
100 1 0 |a JITAB   |h Kris 
245 1 0 |a Sarawak awakens :   |b Taib Mahmud's politics of development   |c Kris Jitab with James Ritchie 
260 0 0 |a Petaling Jaya :   |b Pelanduk Pub. ,   |c 1991 
300 |a viii, 154p. :   |b col. ill. ;   |c 22 cm. 
500 0 0 |a Bibliography: [p 153-154] 
600 0 0 |a Abdul Taib Mahmud   |f Datuk Patinggi Tan Sri Haji ,   |c 1936- 
651 0 0 |a Sarawak   |x Economic conditions 
651 0 0 |a Sarawak   |x Politics and government 
651 0 0 |a Sarawak   |x Social conditions 
700 0 1 |a Ritchie   |h James 
999 |a 0000001372   |b Monograph   |c Open Shelf   |e Default branch